02143nam a22002297a 4500008004100000020001800041040000800059041000800067050002600075100003000101245007200131260002800203300002400231520078900255520070201044600004301746650002101789650002301810650001801833650003301851655002901884251021b |||||||| |||| 00| 0 eng d a9782253907824 cTBS afre aPQ2716.A82 bP76 2023 aPascot, Panayotiseauthor aLa prochaine fois que tu mordras la poussièrec/ Panayotis Pascot aParis : bStock,c2023. a210 pages ;c18 cm. aCe livre me fait peur. Le processus a été douloureux. Mon père nous a annoncé qu’il n’allait pas tarder à mourir et je me suis mis à écrire. Trois années au peigne fin, mes relations, mes pensées paranoïaques, mon rapport étrange à lui, crachés sur le papier. Je me suis donné pour but de le tuer avant qu’il ne meure. C’est l’histoire de quelqu’un qui cherche à tuer. Soi, ou le père, finalement ça revient au même. » Panayotis Pascot s’attaque d’une plume tranchante et moderne à trois thématiques qu’il tisse pour composer un récit autofictif aussi acide qu’ultralucide. L’acceptation de son homosexualité, la dépression et la relation filiale s’enchevêtrent ici dans un violent passage à l’âge adulte. a"This book scares me. The process was painful. My father told us he wouldn’t be long for this world and I started to write. Three years under the microscope: my relationships, my paranoid thoughts, my strange bond with him—spat onto the page. I set myself the goal of killing him before he died. It’s the story of someone who seeks to kill. Oneself, or the father—ultimately it’s the same thing." Panayotis Pascot tackles, with a sharp, modern pen, three themes that he weaves together to create an autofictional narrative as acid as it is searingly lucid. The acceptance of his homosexuality, depression, and the filial relationship intertwine here in a violent passage into adulthood. 0aPascot, PanayotisxChildhood and youth 0aFathers and sons 0aDepression, Mental 0aHomosexuality 0aHumorists, FrenchvBiography 0aAutobiographical fiction